ბათუმის შოთა რუსთაველის სახელმწიფო უნივერსიტეტის ბიბლიოთეკა

Paris Match, du 26juin au 12 juillet №3397. 2014. (ბიბ.ჩანაწერი № 43870)

000 -LEADER
fixed length control field 00356nam a2200157Ia 4500
001 - CONTROL NUMBER
control field 10619
003 - CONTROL NUMBER IDENTIFIER
control field GE_BSU
008 - FIXED-LENGTH DATA ELEMENTS--GENERAL INFORMATION
fixed length control field 181216s||||||||xx |||||||||||||| ||und||
040 ## - CATALOGING SOURCE
Transcribing agency GE_BSU
245 ## - TITLE STATEMENT
Title Paris Match, du 26juin au 12 juillet №3397. 2014.
245 ## - TITLE STATEMENT
Remainder of title №3397
260 ## - PUBLICATION, DISTRIBUTION, ETC.
Date of publication, distribution, etc. 2014
300 ## - PHYSICAL DESCRIPTION
Extent 106p;29cm.
653 ## - INDEX TERM--UNCONTROLLED
Uncontrolled term Paris Match
942 ## - ADDED ENTRY ELEMENTS (KOHA)
Koha item type პერიოდიკა
ეგზემპლარები
Withdrawn status Lost status Damaged status Not for loan Date acquired Barcode Date last seen Price effective from Koha item type
        2018-12-17 p76343 2018-12-17 2018-12-17 პერიოდიკა